000 00919cam a22002891 4500
001 75991
003 BD-RjUL
005 20211209082756.0
008 720712s1963 nyua b 000 0 eng
035 _a(BD-RjUL)76210
035 _a(OCoLC)
040 _aDLC
_cOClU
_dOCoLC
_dUk
_dDLC
_beng
041 _aeng
042 _apremarc
082 _a658.4034
_223
_bSHS 1963
100 1 _aShuchman, Abe
_d1919-
_9233308
245 1 0 _aScientific decision making in business ;
_breadings in operations research for nonmathematicians./
_cAbe Shuchman,
260 _aNew York :
_bHolt, Rinehart and Winston,
_c[1963]
300 _aviii, 568 p.
_billus.
_c24 cm.
504 _aBibliographical references included in footnotes.
650 0 _aOperations research.
_9233309
906 _a7
_bcbc
_coclcrpl
_du
_encip
_f19
_gy-gencatlg
942 _2ddc
_cBK
999 _c75991
_d75991